Les meilleurs buteurs de l'histoire du Real Madrid - Statistiques

Statistiques générales
  • Ce quiz a été pris 179 fois
  • Le résultat moyen est 5 sur 10
Statistiques - réponses
Buts Nationalité Joueur % Correct
450 Portugal Cristiano Ronaldo
100%
354 France Karim Benzema
96%
323 Espagne Raúl
79%
242 Hongrie / Espagne Ferenc Puskás
64%
308 Argentine / Espagne Alfredo di Stéfano
63%
208 Mexique Hugo Sánchez
39%
173 Espagne Emilio Butragueño
24%
182 Espagne Paco Gento
10%
170 Espagne Pirri
6%
291 Espagne Santillana
4%
Aucun quiz correspondant
Distribution des résultats
% des personnes avec chaque résultat
Percentile par nombre de réponses
Votre historique - résultats
Vous n’avez pas pris ce quiz